<?xml version="1.0" encoding="UTF-8"?><?xml-stylesheet type="text/xsl" href="static/style.xsl"?><OAI-PMH xmlns="http://www.openarchives.org/OAI/2.0/" xmlns:xsi="http://www.w3.org/2001/XMLSchema-instance" xsi:schemaLocation="http://www.openarchives.org/OAI/2.0/ http://www.openarchives.org/OAI/2.0/OAI-PMH.xsd"><responseDate>2026-04-17T17:06:48Z</responseDate><request verb="GetRecord" identifier="oai:www.recercat.cat:10256/18307" metadataPrefix="marc">https://recercat.cat/oai/request</request><GetRecord><record><header><identifier>oai:recercat.cat:10256/18307</identifier><datestamp>2024-06-18T12:11:57Z</datestamp><setSpec>com_2072_452955</setSpec><setSpec>com_2072_2054</setSpec><setSpec>col_2072_452961</setSpec></header><metadata><record xmlns="http://www.loc.gov/MARC21/slim" xmlns:dcterms="http://purl.org/dc/terms/" xmlns:xsi="http://www.w3.org/2001/XMLSchema-instance" xmlns:doc="http://www.lyncode.com/xoai" xsi:schemaLocation="http://www.loc.gov/MARC21/slim http://www.loc.gov/standards/marcxml/schema/MARC21slim.xsd">
   <leader>00925njm 22002777a 4500</leader>
   <datafield ind2=" " ind1=" " tag="042">
      <subfield code="a">dc</subfield>
   </datafield>
   <datafield ind2=" " ind1=" " tag="720">
      <subfield code="a">Rodríguez Muñiz, Luis J.</subfield>
      <subfield code="e">author</subfield>
   </datafield>
   <datafield ind2=" " ind1=" " tag="720">
      <subfield code="a">Muñiz-Rodríguez, Laura</subfield>
      <subfield code="e">author</subfield>
   </datafield>
   <datafield ind2=" " ind1=" " tag="720">
      <subfield code="a">Vásquez Ortiz, Claudia Alejandra</subfield>
      <subfield code="e">author</subfield>
   </datafield>
   <datafield ind2=" " ind1=" " tag="720">
      <subfield code="a">Alsina, Àngel</subfield>
      <subfield code="e">author</subfield>
   </datafield>
   <datafield ind2=" " ind1=" " tag="260">
      <subfield code="c">2020-07</subfield>
   </datafield>
   <datafield ind2=" " ind1=" " tag="520">
      <subfield code="a">In this article, we present a proposal of classroom activities for Secondary Education (12-&#xd;
16 years old) from COVID-19, based on a theoretical framework on statistical and data&#xd;
literacy. In the first part, we describe the mathematical and didactic knowledge that must&#xd;
be mobilized by the mathematics teachers of this educational stage to promote statistical&#xd;
and data literacy from everyday contexts and of social interest, together with tools such&#xd;
as technological manipulation to handle large databases. In the second part, four&#xd;
classroom experiences contextualized in COVID-19 are presented to develop students’&#xd;
statistical and data literacy. It is concluded that statistical and data literacy, together with&#xd;
probabilistic literacy, allow to develop a critical view against manipulated data, fake&#xd;
news, etc., and to make informed decisions</subfield>
   </datafield>
   <datafield ind2=" " ind1=" " tag="520">
      <subfield code="a">En este artículo se presenta una propuesta de actividades de aula para Educación&#xd;
Secundaria (12-16 años) a partir de la COVID-19, con base en una fundamentación&#xd;
teórica sobre la alfabetización estadística y de datos. En la primera parte, se describen los&#xd;
conocimientos matemáticos y didácticos que debe movilizar el profesorado de&#xd;
matemáticas de esta etapa educativa para promover la alfabetización estadística y de&#xd;
datos a partir de contextos cotidianos y de interés social, junto con herramientas como la&#xd;
manipulación tecnológica para manejar bases de datos de gran tamaño; en la segunda&#xd;
parte, se presentan cuatro experiencias de aula contextualizadas en la COVID-19 para&#xd;
desarrollar la alfabetización estadística y de datos del alumnado. Se concluye que la&#xd;
alfabetización estadística y de datos, junto con la alfabetización probabilística, permiten&#xd;
desarrollar una mirada crítica contra datos manipulados, noticias falsas, etc., y tomar&#xd;
decisiones informadas</subfield>
   </datafield>
   <datafield ind2=" " ind1=" " tag="520">
      <subfield code="a">FEDER/Ministerio de Ciencia, Innovación y Universidades – Agencia Estatal de Investigación/&#xd;
Proyecto EDU2017-84979-R.&#xd;
FONDECYT Nº 1200356 financiado por la Agencia Nacional de Investigación y Desarrollo del&#xd;
Gobierno de Chile.&#xd;
Ministerio de Ciencia, Innovación y Universidades – Agencia Estatal de Investigación/ Proyecto&#xd;
TIN2017-87600-P</subfield>
   </datafield>
   <datafield ind1="8" ind2=" " tag="024">
      <subfield code="a">http://hdl.handle.net/10256/18307</subfield>
   </datafield>
   <datafield tag="653" ind2=" " ind1=" ">
      <subfield code="a">Didàctica</subfield>
   </datafield>
   <datafield tag="653" ind2=" " ind1=" ">
      <subfield code="a">Teaching</subfield>
   </datafield>
   <datafield tag="653" ind2=" " ind1=" ">
      <subfield code="a">Estadística -- Educació secundària</subfield>
   </datafield>
   <datafield tag="653" ind2=" " ind1=" ">
      <subfield code="a">Statistics -- Study and teaching (Secondary)</subfield>
   </datafield>
   <datafield tag="653" ind2=" " ind1=" ">
      <subfield code="a">Estadística -- Ensenyament</subfield>
   </datafield>
   <datafield tag="653" ind2=" " ind1=" ">
      <subfield code="a">Statistics -- Study and teaching</subfield>
   </datafield>
   <datafield ind2="0" ind1="0" tag="245">
      <subfield code="a">¿Cómo promover la alfabetización estadística y de datos en contexto? Estrategias y recursos a partir de la COVID-19 para Educación Secundaria</subfield>
   </datafield>
</record></metadata></record></GetRecord></OAI-PMH>